[Event "4th FIDE Grand Prix Series 2014/15"]
[Site "Khanty-Mansiysk RUS"]
[Date "2015.05.16"]
[Round "3"]
[White "Jakovenko, Dmitry"]
[Black "Svidler, Peter"]
[Result "0-1"]
[WhiteElo "2738"]
[BlackElo "2734"]
[PlyCount "114"]
[EventDate "2015.05.14"]

1. e4 e5 2. Nf3 Nc6 3. Bb5 a6 4. Bxc6 dxc6 5. O-O Qf6 6. d4 exd4 7. Bg5 Qd6 8.
Nxd4 Bd7 9. Nc3 Be7 10. Bxe7 Nxe7 11. Nde2 O-O-O 12. Qc1 Bg4 13. Nf4 Ng6 14.
Nd3 f6 15. Qe3 Kb8 16. f4 Bc8 17. Rad1 Qe7 18. Rde1 b6 19. Qg3 Rd4 20. Ne2 Ra4
21. c3 c5 22. f5 Rxe4 23. fxg6 Rxe2 24. Rxe2 Qxe2 25. Re1 Qg4 26. Qxg4 Bxg4 27.
gxh7 Rxh7 28. Nf4 Kc8 29. h3 Bd7 30. Kf2 Kd8 31. Ne6+ Bxe6 32. Rxe6 Rh5 33. Re2
Kd7 34. Rd2+ Ke6 35. Rd8 c4 36. Ke3 Rb5 37. Rd2 Re5+ 38. Kf3 Ra5 39. a3 Rf5+
40. Ke3 Re5+ 41. Kf3 Rf5+ 42. Ke3 c6 43. Re2 b5 44. Rd2 Rd5 45. Re2 Kf5 46.
Rf2+ Ke5 47. Kf3 Rd3+ 48. Kg4 Re3 49. Rf5+ Ke4 50. Rf2 f5+ 51. Rxf5 Re2 52. g3
Rxb2 53. Rg5 Kd3 54. Rxg7 Kxc3 55. Rc7 a5 56. Rxc6 b4 57. axb4 axb4 0-1

[Event "4th FIDE Grand Prix Series 2014/15"]
[Site "Khanty-Mansiysk RUS"]
[Date "2015.05.16"]
[Round "3"]
[White "Karjakin, Sergey"]
[Black "Dominguez Perez, Leinier"]
[Result "1/2-1/2"]
[WhiteElo "2753"]
[BlackElo "2734"]
[PlyCount "60"]
[EventDate "2015.05.14"]

1. Nf3 Nf6 2. g3 d5 3. Bg2 e6 4. O-O Be7 5. d3 O-O 6. Nbd2 c5 7. e4 Nc6 8. Re1
b5 9. e5 Nd7 10. Nf1 Bb7 11. h4 Qc7 12. Bf4 Rfc8 13. Ne3 Qd8 14. Ng4 Bf8 15. c4
Ne7 16. b3 Bc6 17. h5 h6 18. Ne3 Nb6 19. Qe2 bxc4 20. dxc4 dxc4 21. bxc4 Na4
22. Qc2 Rab8 23. Reb1 Qa5 24. Rb3 Nb6 25. Qe2 Nd7 26. Rab1 Qc7 27. g4 Be4 28.
Rxb8 Rxb8 29. Rxb8 Qxb8 30. Nf1 Bc6 1/2-1/2

[Event "Rabat (blitz) 2015"]
[Site "Rabat MAR"]
[Date "2015.05.16"]
[Round "2"]
[White "Becham, Khalid"]
[Black "Mamedyarov, Shakhriyar"]
[Result "0-1"]
[WhiteElo "2080"]
[BlackElo "2735"]
[PlyCount "86"]
[EventDate "2015.05.16"]

1. e4 c6 2. d3 d5 3. Nd2 g6 4. Ngf3 Bg7 5. g3 e5 6. c3 Ne7 7. Bg2 O-O 8. O-O
Qc7 9. Re1 h6 10. Qe2 dxe4 11. dxe4 b6 12. Nc4 Ba6 13. b3 Nd7 14. Be3 Rad8 15.
Rad1 Kh7 16. h4 Kg8 17. Rd2 f5 18. Red1 fxe4 19. Nh2 Nd5 20. Bxe4 N7f6 21. Bxg6
Nxc3 22. Qe1 Nxd1 23. Qxd1 Nd5 24. Ng4 Bxc4 25. bxc4 Nxe3 26. Nxe3 Rxd2 27.
Qxd2 Qd8 28. Qc2 Qf6 29. Be4 Rd8 30. Kg2 Bf8 31. Nf5 Bc5 32. Qc1 Kf8 33. f3 Bb4
34. Qxh6+ Qxh6 35. Nxh6 Rd2+ 36. Kh3 Rxa2 37. h5 Ra1 38. Kg4 a5 39. Nf5 a4 40.
h6 a3 41. h7 Rh1 42. Nh4 Kg7 43. Kg5 Rxh4 0-1

[Event "Rabat (blitz) 2015"]
[Site "Rabat MAR"]
[Date "2015.05.16"]
[Round "3"]
[White "Mamedyarov, Shakhriyar"]
[Black "Ali, Sebbar"]
[Result "1-0"]
[WhiteElo "2735"]
[BlackElo "2393"]
[PlyCount "43"]
[EventDate "2015.05.16"]

1. d4 Nf6 2. c4 e6 3. Nc3 d5 4. Nf3 c5 5. cxd5 Nxd5 6. e4 Nxc3 7. bxc3 cxd4 8.
cxd4 Bb4+ 9. Bd2 Bxd2+ 10. Qxd2 O-O 11. Rd1 b6 12. Bd3 Bb7 13. O-O Nd7 14. Qf4
Rc8 15. e5 h6 16. Rfe1 Qe7 17. Re3 Rfd8 18. h4 Nf8 19. Nh2 Kh8 20. Rg3 Rc7 21.
Rg4 f5 22. exf6 1-0

[Event "Rabat (blitz) 2015"]
[Site "Rabat MAR"]
[Date "2015.05.16"]
[Round "4"]
[White "Peralta, Fernando"]
[Black "Mamedyarov, Shakhriyar"]
[Result "0-1"]
[WhiteElo "2556"]
[BlackElo "2735"]
[PlyCount "78"]
[EventDate "2015.05.16"]

1. d4 d6 2. Nf3 g6 3. c4 Bg7 4. Nc3 Bg4 5. e3 Nf6 6. h3 Bf5 7. g4 Bd7 8. e4 Nc6
9. d5 Nb8 10. Be3 c6 11. Be2 Na6 12. g5 Nh5 13. Nd2 Rc8 14. Bxh5 gxh5 15. Qxh5
Nb4 16. O-O O-O 17. dxc6 bxc6 18. Ne2 Nc2 19. Ng3 Nxa1 20. Rxa1 f5 21. gxf6
Rxf6 22. Nf3 Qe8 23. Qxe8+ Rxe8 24. Nd2 a5 25. Rd1 Bxh3 26. Nb3 a4 27. Nd4 c5
28. Ndf5 Bxf5 29. Nxf5 Rg6+ 30. Kf1 Bxb2 31. Ke2 a3 32. Rd3 Rg1 33. Rb3 Ra1 34.
Rb7 Rxa2 35. Kd3 Bf6 36. Ra7 Ra1 37. f4 a2 38. e5 dxe5 39. fxe5 Rd1+ 0-1

[Event "Rabat (blitz) 2015"]
[Site "Rabat MAR"]
[Date "2015.05.16"]
[Round "5"]
[White "Mamedyarov, Shakhriyar"]
[Black "L'Ami, Erwin"]
[Result "0-1"]
[WhiteElo "2735"]
[BlackElo "2635"]
[PlyCount "129"]
[EventDate "2015.05.16"]

1. d4 Nf6 2. c4 e6 3. Nc3 Bb4 4. f3 d5 5. a3 Be7 6. e4 c5 7. cxd5 exd5 8. e5
Nfd7 9. Nxd5 Nc6 10. f4 Nxd4 11. Nxe7 Qxe7 12. Nf3 O-O 13. Be3 f6 14. Bxd4 cxd4
15. Bc4+ Kh8 16. O-O Rd8 17. Ba2 Nc5 18. Rc1 Bg4 19. exf6 gxf6 20. h3 Bxf3 21.
Qxf3 f5 22. Rfe1 Ne4 23. Bb1 Re8 24. Re2 Rad8 25. Rce1 Qd6 26. Bd3 a6 27. Bxe4
fxe4 28. Rxe4 Rxe4 29. Qxe4 d3 30. Qe5+ Qxe5 31. fxe5 Kg7 32. Kf2 Rc8 33. Ke3
Rc2 34. g4 Rxb2 35. Kxd3 Rb3+ 36. Kd4 Rxa3 37. Rf1 Rxh3 38. e6 Rh2 39. Kd5 Rd2+
40. Ke5 Re2+ 41. Kd6 Rd2+ 42. Kc7 Re2 43. Kd7 Rd2+ 44. Ke8 b5 45. e7 a5 46. Rf5
b4 47. Rxa5 b3 48. Rg5+ Kf6 49. Rb5 Re2 50. g5+ Kg6 51. Kf8 Rf2+ 52. Ke8 b2 53.
Rb6+ Kxg5 54. Rb5+ Kg6 55. Rb6+ Kg7 56. Kd7 Rd2+ 57. Kc7 Kf7 58. Re6 Ke8 59.
Re1 h5 60. Kc6 h4 61. Kc5 h3 62. Kc4 h2 63. Kc3 Rg2 64. Rh1 Rg1 65. Kd4 0-1

[Event "Rabat (blitz) 2015"]
[Site "Rabat MAR"]
[Date "2015.05.16"]
[Round "6"]
[White "El Adnani, Mokliss"]
[Black "Mamedyarov, Shakhriyar"]
[Result "0-1"]
[WhiteElo "2399"]
[BlackElo "2735"]
[PlyCount "84"]
[EventDate "2015.05.16"]

1. d4 d6 2. c4 e5 3. e3 Nc6 4. Nc3 g6 5. Nf3 Bg7 6. Be2 Nge7 7. d5 Nb8 8. h4 h6
9. e4 c6 10. Be3 a6 11. h5 g5 12. Nh2 cxd5 13. cxd5 b5 14. Bg4 Nd7 15. Nf1 b4
16. Na4 f5 17. exf5 O-O 18. Ng3 Qa5 19. O-O Bb7 20. f6 Nxf6 21. Be6+ Kh8 22.
Nb6 Nfxd5 23. Nxa8 Bxa8 24. a3 Qd8 25. axb4 Nf4 26. Rxa6 Nxe6 27. Rxd6 Qc8 28.
f3 Nd4 29. Bf2 Nd5 30. Ne4 Nf4 31. Bxd4 Bxe4 32. fxe4 exd4 33. Rxd4 Bxd4+ 34.
Qxd4+ Kg8 35. Qd1 Qc4 36. Qf3 Nh3+ 37. Qxh3 Qxf1+ 38. Kh2 Qf4+ 39. Kh1 Qxe4 40.
Qb3+ Kh7 41. Qg3 Rf1+ 42. Kh2 Qf4 0-1

[Event "Rabat (blitz) 2015"]
[Site "Rabat MAR"]
[Date "2015.05.16"]
[Round "7"]
[White "Dourerassou, Jonathan"]
[Black "Mamedyarov, Shakhriyar"]
[Result "0-1"]
[WhiteElo "2414"]
[BlackElo "2735"]
[PlyCount "116"]
[EventDate "2015.05.16"]

1. e4 c6 2. d4 d5 3. Nc3 dxe4 4. Nxe4 Bf5 5. Ng3 Bg6 6. Nf3 Nd7 7. h4 h6 8. h5
Bh7 9. Bd3 Bxd3 10. Qxd3 Ngf6 11. Bf4 e6 12. O-O-O Be7 13. Kb1 Qb6 14. Ne4 Nxe4
15. Qxe4 Nf6 16. Qd3 Rd8 17. Ne5 Nd5 18. Bd2 Bf6 19. Rhe1 Ne7 20. c3 Bxe5 21.
Rxe5 Rd5 22. Qg3 Rg8 23. Rxd5 cxd5 24. Re1 f6 25. Qd3 a5 26. g4 a4 27. f4 Kd7
28. Qc2 Qb5 29. g5 hxg5 30. fxg5 fxg5 31. Bxg5 Nf5 32. Bf4 Rc8 33. Qd2 Rh8 34.
Qd1 a3 35. b3 Qc6 36. Kc2 b5 37. Rh1 b4 38. Rh3 Rc8 39. Be5 bxc3 40. Qe2 Qb6
41. Rd3 Ne7 42. Qf3 Nf5 43. Bxg7 Qd8 44. Qg4 Qg8 45. h6 Qh7 46. Qf3 Rg8 47. Kc1
Nxg7 48. Qf7+ Kd6 49. Qf4+ Kd7 50. Rxc3 Ne8 51. Qf1 Qxh6+ 52. Kb1 Qg6+ 53. Kc1
Qg1 54. Qxg1 Rxg1+ 55. Kc2 Rg2+ 56. Kd3 Rxa2 57. Rc5 Ra1 58. Ra5 a2 0-1

[Event "Rabat (blitz) 2015"]
[Site "Rabat MAR"]
[Date "2015.05.16"]
[Round "8"]
[White "Mamedyarov, Shakhriyar"]
[Black "Van Wely, Loek"]
[Result "1-0"]
[WhiteElo "2735"]
[BlackElo "2653"]
[PlyCount "121"]
[EventDate "2015.05.16"]

1. d4 Nf6 2. c4 e6 3. Nc3 Bb4 4. f3 d5 5. a3 Bxc3+ 6. bxc3 c6 7. Bg5 Qa5 8. Qd2
Nbd7 9. cxd5 cxd5 10. e3 Nb6 11. Bxf6 gxf6 12. Bd3 Bd7 13. Ne2 Bb5 14. O-O Nc4
15. Qc1 Nd6 16. Bxb5+ Qxb5 17. Ng3 h5 18. e4 h4 19. Qf4 O-O-O 20. Nh1 h3 21. g3
f5 22. exd5 Qxd5 23. Nf2 Nc4 24. Rfe1 Qd6 25. Nd3 Qxf4 26. Nxf4 Kd7 27. Kf2 Rc8
28. Ke2 b6 29. a4 Rc7 30. Kd3 Nb2+ 31. Kc2 Nc4 32. Rec1 Rhc8 33. Ne2 f6 34. Nf4
Kd6 35. Re1 e5 36. dxe5+ fxe5 37. Rad1+ Kc6 38. Ng6 Kb7 39. Rd3 Rc5 40. Ne7 Rf8
41. Nd5 e4 42. fxe4 fxe4 43. Rxe4 Rf2+ 44. Kc1 Rxh2 45. Re7+ Kb8 46. Nb4 Kc8
47. Na6 Rh1+ 48. Kc2 Rh2+ 49. Kb1 Nd2+ 50. Kc1 Nb3+ 51. Kd1 Rc6 52. Rh7 Rh1+
53. Kc2 Nc5 54. Rf3 Ne6 55. Rff7 Rh2+ 56. Kb3 Rh1 57. Rh8+ Nd8 58. Rxa7 h2 59.
Rhh7 Rb1+ 60. Ka2 Rxc3 61. Rac7+ 1-0

[Event "Rabat (blitz) 2015"]
[Site "Rabat MAR"]
[Date "2015.05.16"]
[Round "9"]
[White "Romero Holmes, Alfonso"]
[Black "Mamedyarov, Shakhriyar"]
[Result "0-1"]
[WhiteElo "2469"]
[BlackElo "2735"]
[PlyCount "70"]
[EventDate "2015.05.16"]

1. c4 d6 2. e4 g6 3. d4 Bg7 4. Nc3 Nc6 5. Nge2 Nf6 6. h3 O-O 7. Be3 a6 8. g4 b5
9. g5 Nh5 10. cxb5 axb5 11. Nxb5 Ba6 12. Nec3 e5 13. d5 Nd4 14. h4 f5 15. Nxd4
exd4 16. Bxd4 Bxf1 17. Rxf1 fxe4 18. Bxg7 Nxg7 19. Qg4 Nh5 20. O-O-O Nf4 21.
Kb1 Qb8 22. Rd4 Nd3 23. Qe2 Nc5 24. h5 Qa7 25. Rb4 gxh5 26. Qxh5 Rf7 27. Rh1
Qa6 28. g6 Qd3+ 29. Ka1 Rg7 30. gxh7+ Kh8 31. Rd1 Qc2 32. Qe2 Nb3+ 33. Rxb3
Qxb3 34. Qxe4 Rxa2+ 35. Kb1 Qxb2# 0-1

[Event "Rabat (blitz) 2015"]
[Site "Rabat MAR"]
[Date "2015.05.16"]
[Round "10"]
[White "Mamedyarov, Shakhriyar"]
[Black "Fridman, Daniel"]
[Result "1/2-1/2"]
[WhiteElo "2735"]
[BlackElo "2637"]
[PlyCount "56"]
[EventDate "2015.05.16"]

1. d4 d5 2. c4 e6 3. Nc3 Be7 4. Nf3 Nf6 5. Bg5 h6 6. Bh4 O-O 7. e3 Ne4 8. Bxe7
Qxe7 9. Rc1 c6 10. Bd3 Nxc3 11. Rxc3 dxc4 12. Rxc4 Nd7 13. O-O e5 14. Bb1 exd4
15. exd4 Nf6 16. Re1 Qd6 17. h3 Be6 18. Rc3 Rad8 19. Rce3 c5 20. Rd3 c4 21.
Rde3 b5 22. Qc2 Rfe8 23. Re5 a6 24. a3 Bd5 25. Nh2 Be6 26. Nf3 Bd5 27. Nh2 Be6
28. Nf3 Bd5 1/2-1/2

[Event "Rabat (blitz) 2015"]
[Site "Rabat MAR"]
[Date "2015.05.16"]
[Round "11"]
[White "Mamedyarov, Shakhriyar"]
[Black "Shirov, Alexei"]
[Result "1-0"]
[WhiteElo "2735"]
[BlackElo "2696"]
[PlyCount "82"]
[EventDate "2015.05.16"]

1. d4 d5 2. c4 c6 3. Nf3 Nf6 4. Qc2 dxc4 5. Qxc4 Bg4 6. Bf4 Nbd7 7. Nbd2 e6 8.
e4 Bxf3 9. gxf3 Be7 10. O-O-O O-O 11. Kb1 c5 12. dxc5 Nxc5 13. Be2 Rc8 14. Nb3
Qb6 15. Be3 Qc6 16. Nxc5 Bxc5 17. Rc1 Bxe3 18. Qxc6 bxc6 19. fxe3 Rfd8 20. Rc2
Kf8 21. Rhc1 Ke7 22. Rxc6 Rxc6 23. Rxc6 Rd2 24. Rc2 Rxc2 25. Kxc2 Kd6 26. b4
Ne8 27. Kc3 e5 28. a4 Nc7 29. Kc4 Kc6 30. b5+ Kb6 31. Kb4 Ne6 32. a5+ Kc7 33.
h4 g5 34. h5 g4 35. fxg4 h6 36. Kc4 Kd6 37. b6 axb6 38. axb6 Ng5 39. Kb5 Nxe4
40. Ka6 Nc5+ 41. Ka7 Kd5 1-0

[Event "Rabat (blitz) 2015"]
[Site "Rabat MAR"]
[Date "2015.05.16"]
[Round "12"]
[White "Heberla, Bartlomiej"]
[Black "Mamedyarov, Shakhriyar"]
[Result "1-0"]
[WhiteElo "2556"]
[BlackElo "2735"]
[PlyCount "49"]
[EventDate "2015.05.16"]

1. e4 c6 2. d4 d5 3. Nd2 dxe4 4. Nxe4 Bf5 5. Ng3 Bg6 6. h4 h6 7. Nf3 Nf6 8. Ne5
Bh7 9. Bd3 Nbd7 10. Bxh7 Nxe5 11. dxe5 Qa5+ 12. Kf1 Nxh7 13. e6 Qd5 14. exf7+
Qxf7 15. Rh3 e6 16. Ne4 Rd8 17. Qe2 Be7 18. Rf3 Nf6 19. Bd2 O-O 20. Bc3 Rd5 21.
Re1 Rf5 22. Bxf6 gxf6 23. Rxf5 exf5 24. Ng3 Bc5 25. Nxf5 1-0

[Event "Rabat (blitz) 2015"]
[Site "Rabat MAR"]
[Date "2015.05.16"]
[Round "13"]
[White "Libiszewski, Fabien"]
[Black "Mamedyarov, Shakhriyar"]
[Result "0-1"]
[WhiteElo "2531"]
[BlackElo "2735"]
[PlyCount "114"]
[EventDate "2015.05.16"]

1. c4 d6 2. Nc3 g6 3. g3 Bg7 4. Bg2 e5 5. d3 Nc6 6. e3 Be6 7. Nge2 h5 8. h3 Qd7
9. Nd5 O-O-O 10. Qa4 Kb8 11. Rb1 Nce7 12. Qxd7 Rxd7 13. b4 c6 14. Nxe7 Nxe7 15.
Bb2 d5 16. c5 d4 17. exd4 exd4 18. a3 h4 19. Nf4 hxg3 20. fxg3 Nf5 21. Kf2 Be5
22. Rbe1 Bxf4 23. gxf4 Rh4 24. Bc1 Kc7 25. Re5 Kd8 26. Rhe1 Ke7 27. Bd2 Kf6 28.
a4 a6 29. Rb1 Bd5 30. Bxd5 cxd5 31. Kg2 g5 32. Rf1 gxf4 33. Re8 Ne3+ 34. Bxe3
dxe3 35. Rxe3 Rd8 36. Ref3 Kf5 37. Re1 Rg8+ 38. Kh2 Rg3 39. Rxg3 fxg3+ 40. Kxg3
Rxb4 41. Re7 f6 42. h4 Rxa4 43. Rxb7 Ra3 44. Ra7 Rxd3+ 45. Kf2 Rc3 46. Rxa6
Rxc5 47. h5 Rc2+ 48. Kg3 Rc3+ 49. Kg2 Rc4 50. Kg3 Rg4+ 51. Kh3 Rg1 52. Ra5 Ke4
53. Ra4+ d4 54. Ra8 d3 55. Re8+ Kf3 56. Kh2 Rg5 57. Rh8 d2 0-1

[Event "Rabat (blitz) 2015"]
[Site "Rabat MAR"]
[Date "2015.05.16"]
[Round "15"]
[White "Fedorchuk, Sergey A"]
[Black "Mamedyarov, Shakhriyar"]
[Result "0-1"]
[WhiteElo "2657"]
[BlackElo "2735"]
[PlyCount "154"]
[EventDate "2015.05.16"]

1. e4 e5 2. Nf3 Nf6 3. Nxe5 Nxe4 4. Qe2 Qe7 5. Qxe4 d6 6. d4 dxe5 7. Qxe5 Be6
8. Nc3 c6 9. Be2 Nd7 10. Qg3 Qf6 11. O-O Be7 12. Be3 Bf5 13. Rac1 O-O 14. Rfd1
Nb6 15. Bf4 Rfe8 16. Be5 Qh6 17. Bd3 Bxd3 18. Qxd3 Bg5 19. Rb1 Nd7 20. Bg3 Rad8
21. Ne4 Bf4 22. Bxf4 Qxf4 23. Ng3 g6 24. Qd2 Qh4 25. c3 h5 26. Re1 Nf6 27. h3
Nd5 28. Rxe8+ Rxe8 29. Re1 Rd8 30. Re4 Qf6 31. Qh6 b5 32. Re5 Qf4 33. Qxf4 Nxf4
34. Re7 a5 35. Ne4 Nd3 36. Rc7 Kg7 37. Rxc6 Re8 38. f3 f5 39. Rc7+ Kh6 40. Rh7+
Kxh7 41. Nf6+ Kh6 42. Nxe8 Nxb2 43. Nc7 b4 44. cxb4 axb4 45. Na6 Nd3 46. d5 Kg7
47. Kf1 Kf6 48. Ke2 Nf4+ 49. Kf2 Nxd5 50. Nc5 Ke5 51. Nd3+ Kd4 52. Ke2 Kc3 53.
Ne5 Nf4+ 54. Kd1 h4 55. Kc1 g5 56. Nf7 Nxg2 57. Nxg5 Nf4 58. Kb1 Kd3 59. Kb2
Ke3 60. Kb3 Nd3 61. Kc4 Nc1 62. Kxb4 Nxa2+ 63. Kc4 Kf4 64. Ne6+ Kxf3 65. Nd4+
Ke4 66. Nb3 f4 67. Nd2+ Ke3 68. Nf1+ Ke2 69. Nh2 f3 70. Kb3 Nc1+ 71. Kc3 f2 72.
Kd4 f1=Q 73. Nxf1 Kxf1 74. Ke3 Kg2 75. Kf4 Kxh3 76. Kf3 Nd3 77. Ke3 Kg2 0-1

[Event "Rabat (blitz) 2015"]
[Site "Rabat MAR"]
[Date "2015.05.16"]
[Round "16"]
[White "Mamedyarov, Shakhriyar"]
[Black "Choukri, Adel"]
[Result "1-0"]
[WhiteElo "2735"]
[BlackElo "2231"]
[PlyCount "56"]
[EventDate "2015.05.16"]

1. d4 Nf6 2. c4 g6 3. Nc3 Bg7 4. Nf3 d6 5. Bg5 O-O 6. Qd2 Qe8 7. Bh6 e5 8. Bxg7
Kxg7 9. e3 Nc6 10. Nd5 exd4 11. Nxc7 Qd8 12. Nxa8 dxe3 13. fxe3 Bg4 14. Bd3
Qxa8 15. O-O Bxf3 16. Rxf3 Ne5 17. Rf4 Nh5 18. Rd4 Qd8 19. Be4 Qg5 20. Rxd6 Nf6
21. Qd4 Re8 22. Bxb7 Nfg4 23. Bf3 Kg8 24. Bxg4 Nxg4 25. Qf4 Qc5 26. Rd5 Qc8 27.
Re1 h5 28. h3 Qe6 1-0

[Event "Rabat (blitz) 2015"]
[Site "Rabat MAR"]
[Date "2015.05.16"]
[Round "17"]
[White "L'Ami, Alina"]
[Black "Mamedyarov, Shakhriyar"]
[Result "0-1"]
[WhiteElo "2381"]
[BlackElo "2735"]
[PlyCount "46"]
[EventDate "2015.05.16"]

1. d4 d6 2. c4 e5 3. Nc3 exd4 4. Qxd4 Nf6 5. g3 Nc6 6. Qd2 Be6 7. b3 d5 8. cxd5
Nxd5 9. Bb2 Bb4 10. Bg2 Nxc3 11. Bxc3 Qxd2+ 12. Bxd2 O-O-O 13. O-O-O Ba3+ 14.
Kb1 Rd7 15. Bxc6 bxc6 16. Nf3 Bf5+ 17. Ka1 Rhd8 18. e3 Bg4 19. Ne5 Rxd2 20.
Rxd2 Rxd2 21. Nxg4 h5 22. Ne5 Bb2+ 23. Kb1 Bxe5 0-1

[Event "Rabat (blitz) 2015"]
[Site "Rabat MAR"]
[Date "2015.05.16"]
[Round "18"]
[White "Mamedyarov, Shakhriyar"]
[Black "Elkholti, Achraf"]
[Result "1-0"]
[WhiteElo "2735"]
[BlackElo "2268"]
[PlyCount "33"]
[EventDate "2015.05.16"]

1. d4 d5 2. c4 c6 3. Nf3 Nf6 4. Qc2 g6 5. Bf4 Bg7 6. e3 O-O 7. Nc3 a6 8. Rc1 b6
9. Bd3 Nh5 10. Be5 f6 11. Bxb8 Rxb8 12. cxd5 cxd5 13. Nxd5 Be6 14. Nc7 Bf7 15.
g4 Kh8 16. gxh5 gxh5 17. Nxa6 1-0

[Event "Rabat (blitz) 2015"]
[Site "Rabat MAR"]
[Date "2015.05.16"]
[Round "19"]
[White "Mamedyarov, Shakhriyar"]
[Black "Bouhaddoun, Oussama"]
[Result "1-0"]
[WhiteElo "2735"]
[BlackElo "2253"]
[PlyCount "101"]
[EventDate "2015.05.16"]

1. d4 Nf6 2. c4 e6 3. Nc3 Bb4 4. f3 d5 5. a3 Bxc3+ 6. bxc3 O-O 7. Bg5 c5 8. Qd2
cxd4 9. cxd4 h6 10. Bxf6 Qxf6 11. cxd5 exd5 12. e3 Nc6 13. Bd3 Qh4+ 14. Qf2 Qg5
15. h4 Qe7 16. Ne2 Re8 17. Kd2 Na5 18. Rhb1 Nc4+ 19. Bxc4 dxc4 20. Nc3 a6 21.
Rb6 Bf5 22. e4 Be6 23. d5 Rad8 24. g3 Bc8 25. Qd4 Qc7 26. f4 Qd7 27. f5 Qe7 28.
d6 Bxf5 29. exf5 Qd7 30. Rf1 f6 31. Qd5+ Kh8 32. Qxb7 Qxb7 33. Rxb7 Rxd6+ 34.
Kc2 Re3 35. Rf4 Rxg3 36. Rxc4 Rf3 37. Rc5 Rd4 38. Rb4 Rd6 39. h5 Kh7 40. Rb8
Rf2+ 41. Kb3 Rdd2 42. Ka4 Rf4+ 43. Rb4 Rdd4 44. Rxd4 Rxd4+ 45. Ka5 g5 46. hxg6+
Kg7 47. Rc7+ Kg8 48. Kxa6 h5 49. Rh7 h4 50. Kb6 Rf4 51. Nd5 1-0

[Event "Rabat (blitz) 2015"]
[Site "Rabat MAR"]
[Date "2015.05.16"]
[Round "20"]
[White "Amarger, Vincent"]
[Black "Mamedyarov, Shakhriyar"]
[Result "0-1"]
[WhiteElo "2082"]
[BlackElo "2735"]
[PlyCount "56"]
[EventDate "2015.05.16"]

1. e4 c6 2. d4 d5 3. e5 Bf5 4. Nf3 e6 5. Be2 Nd7 6. Be3 f6 7. exf6 Ngxf6 8. O-O
Bd6 9. c4 O-O 10. Nc3 h6 11. Bd3 Bg4 12. c5 Bc7 13. Be2 Bxf3 14. Bxf3 e5 15.
dxe5 Nxe5 16. Be2 Qe8 17. Bd4 Qg6 18. Bxe5 Bxe5 19. Bd3 Qg5 20. g3 Qg4 21. Qxg4
Nxg4 22. Kg2 Bd4 23. Nd1 Bxc5 24. Rc1 Bb6 25. h3 Ne5 26. Bc2 Rae8 27. Nc3 Nc4
28. b3 Nd2 0-1

[Event "Rabat (blitz) 2015"]
[Site "Rabat MAR"]
[Date "2015.05.16"]
[Round "4"]
[White "L'Ami, Erwin"]
[Black "Larino Nieto, David"]
[Result "1-0"]
[WhiteElo "2635"]
[BlackElo "2451"]
[PlyCount "93"]
[EventDate "2015.05.16"]

1. d4 e6 2. e4 d5 3. Nc3 Nf6 4. e5 Nfd7 5. f4 c5 6. Nf3 Nc6 7. Be3 a6 8. Qd2
cxd4 9. Nxd4 Bc5 10. Nce2 O-O 11. g3 Qc7 12. Bh3 Nxd4 13. Nxd4 b6 14. O-O Bb7
15. c3 Rae8 16. Rae1 Bxd4 17. cxd4 f5 18. Rc1 Qb8 19. Rc2 Rc8 20. Rfc1 Rxc2 21.
Rxc2 Rc8 22. Bf1 Rxc2 23. Qxc2 Qc8 24. Qb3 Kf7 25. Bd3 g6 26. Kf2 a5 27. Qc2
Qxc2+ 28. Bxc2 Ba6 29. Bd2 Bb5 30. a4 Bc4 31. b3 Ba6 32. b4 axb4 33. Bxb4 Bc4
34. Bd6 h6 35. Ke3 g5 36. Bd1 g4 37. Kd2 h5 38. Kc3 h4 39. gxh4 Kg6 40. a5 bxa5
41. Ba4 Nb6 42. Be8+ Kg7 43. h5 Nc8 44. Bc5 Ba6 45. Kb3 Bc4+ 46. Ka4 Kg8 47.
Kxa5 1-0

[Event "Rabat (blitz) 2015"]
[Site "Rabat MAR"]
[Date "2015.05.16"]
[Round "6"]
[White "Van Wely, Loek"]
[Black "L'Ami, Erwin"]
[Result "0-1"]
[WhiteElo "2653"]
[BlackElo "2635"]
[PlyCount "78"]
[EventDate "2015.05.16"]

1. c4 Nf6 2. Nc3 e6 3. Nf3 b6 4. g3 Bb7 5. Bg2 g6 6. O-O Bg7 7. Re1 Ne4 8. Nxe4
Bxe4 9. d3 Bb7 10. Bg5 Qc8 11. Qd2 O-O 12. h4 d6 13. d4 Be4 14. Bh6 Nd7 15.
Bxg7 Kxg7 16. h5 Qd8 17. h6+ Kg8 18. Ng5 Bxg2 19. Kxg2 Qe7 20. e4 f6 21. Nf3
Rae8 22. Rad1 a5 23. b3 e5 24. dxe5 fxe5 25. Ng5 Nc5 26. f4 exf4 27. gxf4 Ne6
28. Nxe6 Qxe6 29. Kg3 g5 30. f5 Qxh6 31. Rh1 Qf6 32. Qd5+ Kg7 33. Rh5 h6 34.
Rdh1 Rh8 35. Kg4 Re7 36. a3 Rhe8 37. Re1 Qb2 38. Qd3 Qg2+ 39. Qg3 Rxe4+ 0-1

[Event "Rabat (blitz) 2015"]
[Site "Rabat MAR"]
[Date "2015.05.16"]
[Round "7"]
[White "L'Ami, Erwin"]
[Black "Fridman, Daniel"]
[Result "1-0"]
[WhiteElo "2635"]
[BlackElo "2637"]
[PlyCount "119"]
[EventDate "2015.05.16"]

1. d4 Nf6 2. c4 e6 3. Nf3 d5 4. Nc3 c6 5. e3 a6 6. b3 Bb4 7. Bd2 Nbd7 8. Bd3
O-O 9. O-O Bd6 10. Re1 b6 11. Qc2 h6 12. Rad1 Bb7 13. e4 dxe4 14. Bxe4 Bb4 15.
Ne5 Qc7 16. Bf3 Rfe8 17. Bf4 Bd6 18. Bg3 Rad8 19. Nxd7 Rxd7 20. Bxd6 Qxd6 21.
Na4 Qc7 22. c5 b5 23. Nc3 Red8 24. Ne2 e5 25. dxe5 Qxe5 26. b4 Qg5 27. Rxd7
Rxd7 28. Rd1 Qf5 29. Qc1 Qg5 30. Qc2 Qf5 31. Qb3 Rxd1+ 32. Qxd1 g5 33. h3 Qd7
34. Qd4 Kg7 35. a3 Kg6 36. g4 Qe6 37. Ng3 Bc8 38. Kg2 Bd7 39. Bd1 Kh7 40. Bc2+
Kg8 41. Nf5 Ne8 42. Bb3 Qxb3 43. Qxd7 Qe6 44. Qxe6 fxe6 45. Ne7+ Kf7 46. Nxc6
Kf6 47. Kf3 Nc7 48. Ke4 Nd5 49. Nb8 Nc7 50. f4 gxf4 51. Kxf4 Nd5+ 52. Ke4 Nc7
53. h4 Nd5 54. Nxa6 Nc3+ 55. Kd3 Nb1 56. a4 bxa4 57. b5 a3 58. Kc2 a2 59. Kb2
Nc3 60. b6 1-0

[Event "Rabat (blitz) 2015"]
[Site "Rabat MAR"]
[Date "2015.05.16"]
[Round "8"]
[White "Shirov, Alexei"]
[Black "L'Ami, Erwin"]
[Result "1/2-1/2"]
[WhiteElo "2696"]
[BlackElo "2635"]
[PlyCount "214"]
[EventDate "2015.05.16"]

1. e4 e5 2. Nf3 Nc6 3. Bc4 Nf6 4. Ng5 d5 5. exd5 Na5 6. Bb5+ c6 7. dxc6 bxc6 8.
Bd3 Nd5 9. Nf3 Bd6 10. O-O Nf4 11. Nc3 Nxd3 12. cxd3 O-O 13. Ne4 Ba6 14. Re1
Bc7 15. d4 exd4 16. d3 Nb7 17. Bg5 f6 18. Rc1 Qd5 19. Bh4 Rad8 20. Bg3 Ba5 21.
Re2 Rfe8 22. Bh4 Rf8 23. Rec2 Bb6 24. Rxc6 Bb5 25. R6c2 Qxa2 26. Bg3 Ba4 27. b3
Qxb3 28. Qd2 Qd5 29. Rc4 Bb5 30. R4c2 a6 31. Bc7 Bxc7 32. Rxc7 Rf7 33. h4 Rdf8
34. h5 Qxh5 35. Nxd4 Qd5 36. Qe3 Qe5 37. f4 Qe8 38. Nf5 Qd8 39. Rxf7 Rxf7 40.
Qg3 Kh8 41. Nfd6 Nxd6 42. Nxd6 Rf8 43. f5 Bd7 44. Qf4 a5 45. Nb7 Qb6+ 46. Nc5
a4 47. Kh2 Bc8 48. Nxa4 Qd8 49. Nc5 Qe8 50. Ne4 Qh5+ 51. Kg1 Qxf5 52. Qxf5 Bxf5
53. Kf2 h6 54. Rc5 Bg6 55. Rc7 Rd8 56. Ke3 Re8 57. Kf3 Bxe4+ 58. dxe4 Kh7 59.
g4 Kg6 60. Kf4 Ra8 61. Rb7 Rf8 62. Rc7 Rf7 63. Rc5 Ra7 64. Rb5 Kf7 65. Rb6 g5+
66. Kf3 Ra3+ 67. Kf2 Rh3 68. Rc6 h5 69. gxh5 Rxh5 70. Kf3 Rh3+ 71. Kf2 Ra3 72.
Rb6 Ra7 73. Kf3 Re7 74. Ra6 Re6 75. Ra8 Rb6 76. Kg4 Re6 77. Kf3 Re7 78. Ra6 Kg6
79. Rb6 Re5 80. Ra6 Kf7 81. Rb6 Ra5 82. Rc6 Ra1 83. Rb6 Rf1+ 84. Ke3 g4 85. Ke2
Rf4 86. Ke3 Rf3+ 87. Ke2 Ra3 88. Kf2 Ke7 89. Rc6 Rb3 90. Ra6 g3+ 91. Kg2 Re3
92. Rb6 Kf7 93. Ra6 Kg6 94. Ra5 Rb3 95. Rc5 Ra3 96. Rb5 Re3 97. Ra5 Rxe4 98.
Kxg3 Re5 99. Rxe5 fxe5 100. Kf3 Kf5 101. Ke3 e4 102. Ke2 Kf4 103. Kf2 e3+ 104.
Ke2 Ke4 105. Ke1 Kf3 106. Kf1 e2+ 107. Ke1 Ke3 1/2-1/2

[Event "Rabat (blitz) 2015"]
[Site "Rabat MAR"]
[Date "2015.05.16"]
[Round "9"]
[White "L'Ami, Erwin"]
[Black "Heberla, Bartlomiej"]
[Result "1-0"]
[WhiteElo "2635"]
[BlackElo "2556"]
[PlyCount "113"]
[EventDate "2015.05.16"]

1. d4 d5 2. c4 e6 3. Nf3 Nf6 4. Nc3 Nbd7 5. Bf4 dxc4 6. e3 a6 7. a4 Bd6 8. Bg5
O-O 9. Bxc4 b6 10. O-O Bb7 11. Qe2 c5 12. d5 exd5 13. Nxd5 h6 14. Bh4 g5 15.
Bg3 Bxg3 16. Nxf6+ Qxf6 17. hxg3 Ne5 18. Nxe5 Qxe5 19. Rad1 Kg7 20. b3 Qe4 21.
f3 Qe7 22. e4 Rfd8 23. Rxd8 Rxd8 24. Rd1 Rxd1+ 25. Qxd1 Qf6 26. Qe2 Qd4+ 27.
Kh2 h5 28. Bxa6 Bxa6 29. Qxa6 h4 30. gxh4 gxh4 31. Qe2 Qe5+ 32. Kg1 Qa1+ 33.
Kf2 Qd4+ 34. Qe3 Qb2+ 35. Kg1 Qa1+ 36. Kh2 Qe5+ 37. f4 Qb2 38. Kh3 Qf6 39. Qf3
Kf8 40. Qg4 Qc3+ 41. Qf3 Qf6 42. e5 Qd8 43. Qe4 Qd1 44. Qf3 Qd8 45. Kg4 Kg7 46.
Qc3 Kh6 47. Qh3 Qd1+ 48. Kxh4 Qd2 49. Kg4+ Kg7 50. Qf3 Qc2 51. f5 Qb2 52. f6+
Kg8 53. Qa8+ Kh7 54. Qe4+ Kg8 55. Kh5 Qc1 56. Qg4+ Kf8 57. Qc8# 1-0